000 00713cam a22001815a 4500
001 L156022
008 120425s1826 xxk f 000 0 eng d
035 _a(Sirsi) u156022
041 0 _aeng
100 1 _aAllen, Thomas
_d1803-1833
245 0 4 _aThe history and antiquities of the parish of Lambeth, and the archiepiscopal Palace, in the county of Surrey
_cby Thomas Allen ; illustrated by numerous engravings ...
260 _aLondon
_bJ. Allen, by J. Nichols and Son; ... [and 5 others]
_c1826
300 _axii, 458 p., 50 plates
_bill., facsims, maps, plans
_c24 cm.
583 _aCondition reviewed
_c20120620
_lcondition level 2
651 4 _aLondon
690 _aConservation and restoration
942 _n0
999 _c113986
_d113986